[Event "YUG-ch3 (Women)"]
[Site "Vrnjacka Banja"]
[Date "1996.??.??"]
[Round "?"]
[White "Markov, Vesna"]
[Black "Sakotic, Jasna"]
[Result "1/2-1/2"]
[WhiteElo "2165"]
[BlackElo "2100"]
[PlyCount "86"]
[EventDate "1996.??.??"]
[EventType "tourn"]
[EventRounds "11"]
[EventCountry "YUG"]
[SourceTitle "EXT 1998"]
[Source "ChessBase"]
[SourceDate "1997.11.17"]
[SourceVersion "1"]
[SourceVersionDate "1997.11.17"]
[SourceQuality "1"]

1. d4 Nf6 2. c4 g6 3. Nc3 Bg7 4. e4 d6 5. Bd3 0-0 6. Nge2 e5 7. d5 a5 8. 0-0 Na6 9. a3 Nc5 10. Bc2 Nh5 11. Rb1 f5 12. exf5 gxf5 13. Ng3 Nf4 14. Nh5 Nxh5 15. Qxh5 Bd7 16. Re1 Be8 17. Qh3 Bg6 18. f4 Qf6 19. Ne2 Rae8 20. Be3 Ne4 21. b4 axb4 22. axb4 Ra8 23. fxe5 dxe5 24. Bxe4 fxe4 25. Ng3 Bf5 26. Qh5 Bg6 27. Qe2 Ra3 28. Bc5 Rfa8 29. Nxe4 Qf4 30. Rbd1 b6 31. Bf2 Ra2 32. Nd2 Rc2 33. Be3 Qf8 34. c5 bxc5 35. bxc5 Raa2 36. Ra1 Qa8 37. Rxa2 Qxa2 38. Qg4 Rxd2 39. Bxd2 Qxd2 40. Qc8+ Bf8 41. Rf1 Qe3+ 42. Kh1 Qxc5 43. Qe6+ Kg7 1/2-1/2